Die neue Angst der Deutschen: Plädoyer für die Wiederentdeckung der Nachbarschaft

Saved in:  
Bibliographic Details
Main Author: Schneppen, Anne (Author)
Format: Print Book
Language:German
Published: Frankfurt am Main Eichborn 1994
In:Year: 1994
Availability in Tübingen:Present in Tübingen.
IFK: J V 7
Check availability: HBZ Gateway
Subito Delivery Service: Order now.
Keywords:

MARC

LEADER 00000cam a2200000 c 4500
001 155367986
003 DE-627
005 20251129025513.0
007 tu
008 940804s1994 gw ||||| 00| ||ger c
015 |a 94,N32,0159  |2 dnb 
015 |a 94,A44,0367  |2 dnb 
016 7 |a 941350711  |2 DE-101 
020 |a 3821804424  |c  : DM 19.80, sfr 22.00, S 155.00 (kart.)  |9 3-8218-0442-4 
035 |a (DE-627)155367986 
035 |a (DE-576)04091934X 
035 |a (DE-599)GBV155367986 
035 |a (OCoLC)75471816 
035 |a (OCoLC)75471816 
035 |a (DE-Rt5)2702754 
040 |a DE-627  |b ger  |c DE-627  |e rakwb 
041 |a ger 
044 |c XA-DE 
084 |a S 720  |2 sfb 
084 |a S 138  |2 sfb 
084 |a R 522 (10)  |2 sfb 
084 |a 14  |a 19  |2 sdnb 
084 |a MS 6380  |2 rvk  |0 (DE-625)rvk/123753: 
084 |a 71.65  |2 bkl 
084 |a 77.63  |2 bkl 
100 1 |a Schneppen, Anne  |4 aut 
245 1 4 |a Die neue Angst der Deutschen  |b Plädoyer für die Wiederentdeckung der Nachbarschaft  |c Anne Schneppen 
264 1 |a Frankfurt am Main  |b Eichborn  |c 1994 
300 |a 138 S.  |b Ill.  |c 22 cm 
336 |a Text  |b txt  |2 rdacontent 
337 |a ohne Hilfsmittel zu benutzen  |b n  |2 rdamedia 
338 |a Band  |b nc  |2 rdacarrier 
500 |a Literaturverz. S. 137 - 138 
583 1 |a Archivierung prüfen  |c 20240324  |f DE-4165  |z 1  |2 pdager 
689 0 0 |d s  |0 (DE-588)4033178-7  |0 (DE-627)10458503X  |0 (DE-576)209000511  |a Kriminalität  |2 gnd 
689 0 1 |d s  |0 (DE-588)4076308-0  |0 (DE-627)104364106  |0 (DE-576)209201428  |a Prävention  |2 gnd 
689 0 2 |d s  |0 (DE-588)4170995-0  |0 (DE-627)105398187  |0 (DE-576)209934077  |a Nachbarschaftshilfe  |2 gnd 
689 0 |5 DE-101 
935 |i Blocktest 
936 r v |a MS 6380  |b Kriminalität, Gefängnis, Erziehungsheim  |k Soziologie  |k Spezielle Soziologien  |k Soziale Probleme  |k Kriminalität, Gefängnis, Erziehungsheim  |0 (DE-627)1271441438  |0 (DE-625)rvk/123753:  |0 (DE-576)201441438 
936 b k |a 71.65  |j Kriminalität als soziales Problem  |0 (DE-627)106412248 
936 b k |a 77.63  |j Soziale Interaktion  |j soziale Beziehungen  |0 (DE-627)106423460 
951 |a BO 
ELC |b 1 
LOK |0 000 xxxxxcx a22 zn 4500 
LOK |0 001 3262064157 
LOK |0 003 DE-627 
LOK |0 004 155367986 
LOK |0 005 20020607000000 
LOK |0 008 970410||||||||||||||||ger||||||| 
LOK |0 040   |a DE-21-110  |c DE-627  |d DE-21-110 
LOK |0 852   |a DE-21-110 
LOK |0 852 1  |c J V 7  |m p  |9 00 
LOK |0 935   |a k110 
LOK |0 936ln  |a 4.7.1 
LOK |0 938   |k p 
LOK |0 939   |a 10-04-97  |b l01 
ORI |a SA-MARC-krimdoka001.raw 
SIG |a IFK: J V 7